LEADER 01528oem 2200433Ia 450 001 9910695204403321 005 20060913144857.0 035 $a(CKB)5470000002368701 035 $a(OCoLC)52285374 035 $a(EXLCZ)995470000002368701 100 $a20030521d2003 ua 101 0 $aeng 135 $aurcnu m|||| 181 $ccrd$2rdacontent 182 $cc$2rdamedia 183 $acr$2rdacarrier 200 10$aBathymetry and selected perspective views of 6 reef and coastal areas in northern Lake Michigan$b[electronic resource] /$fPeter Barnes ... [and others] 210 1$a[Reston, Va.?] :$cU.S. Geological Survey,$d[2003] 215 $a6 electronic views $cHTML file 225 1 $aU.S. Geological Survey open-file report ;$v03-120 300 $aTitle from HTML index page (viewed May 20, 2003). 300 $aIncludes text, location maps, and additional views. 606 $aLake trout fisheries$zMichigan, Lake$vMaps 606 $aLake trout$xSpawning$zMichigan, Lake 607 $aMichigan, Lake$vMaps 608 $aBathymetric maps.$2lcgft 608 $aRemote-sensing maps.$2lcgft 608 $aMaps.$2lcgft 615 0$aLake trout fisheries 615 0$aLake trout$xSpawning 701 $aBarnes$b Peter W$01382008 801 0$bGIS 801 1$bGIS 801 2$bOCLCQ 801 2$bGPO 906 $aBOOK 912 $a9910695204403321 996 $aBathymetry and selected perspective views of 6 reef and coastal areas in northern Lake Michigan$93424950 997 $aUNINA LEADER 03066oam 2200613 c 450 001 9910413350403321 005 20260302090207.0 010 $a3-8309-8403-0 024 3 $a9783830984030 035 $a(CKB)4330000000531605 035 $a(Waxmann)9783830984030 035 $a(EXLCZ)994330000000531605 100 $a20260302d2016 uy 0 101 0 $ager 135 $aurnnunnnannuu 181 $ctxt$2rdacontent 182 $cc$2rdamedia 183 $acr$2rdacarrier 200 10$aMuseum & Gender $eEin Leitfaden /$fSmilla Ebeling 205 $a1st, New ed. 210 $aMünster$cWaxmann$d2016 215 $a1 online resource (56 p.) 225 0 $aNeue Heimatmuseen$v2 311 08$a3-8309-3403-3 330 $aMuseen stehen im Spannungsfeld der sie umgebenden Gesellschaft. Aktuelle Veränderungen und Umbrüche sowie daraus resultierende gesellschaftliche wie kulturpolitische Erwartungen stellen heute an alle Kulturschaffenden die Anforderung, ihre Arbeit inklusiv auszurichten. Dazu gehört die Berücksichtigung von Genderthemen. Gefragt ist das offene Museum. Dieser Leitfaden bietet konkrete Anregungen zur musealen Auseinandersetzung mit dem Thema Gender im Museum. Er möchte dazu ermutigen, die Kategorien Weiblichkeit und Männlichkeit neu zu beleuchten und den Blick für Heterogenitäten zu schärfen. Die Handreichung informiert über das aktuelle Geschlechterwissen, bezieht es auf Museen, und verdeutlicht, wie die Kategorie Gender auf allen Ebenen der Institution Museum eine Rolle spielt. Bezogen auf Ausstellungen wirft der Leitfaden neue Fragen auf: Welches Geschlechterwissen stellt unser Museum aus? Welches Geschlechterwissen wollen wir ausstellen? Der Leitfaden macht keine Vorgaben, sondern gibt Hilfestellung bei der Analyse von Genderthemen in Museen. Ziel ist es, Museumsakteur_innen für Geschlechterthematiken zu sensibilisieren und ein Bewusstsein dafür zu schaffen, dass Museen ? gewollt oder ungewollt ? immer auch Geschlechterwissen herstellen, um auf dieser Grundlage eine praktische Hilfestellung für die Museumsarbeit zu bieten. 606 $aKulturwissenschaft 606 $aGenderforschung 606 $aGeschlechterwissen 606 $aHeterogenität 606 $aMuseen 606 $aHeimatmuseum 606 $aGeschlechtergerechtigkeit 606 $aGeschlechtertheorie 606 $aAusstellung 606 $aSachkulturforschung und Museum 606 $aFrauen- und Geschlechterforschung 615 4$aKulturwissenschaft 615 4$aGenderforschung 615 4$aGeschlechterwissen 615 4$aHeterogenität 615 4$aMuseen 615 4$aHeimatmuseum 615 4$aGeschlechtergerechtigkeit 615 4$aGeschlechtertheorie 615 4$aAusstellung 615 4$aSachkulturforschung und Museum 615 4$aFrauen- und Geschlechterforschung 700 $aEbeling$b Smilla$4aut$01204711 801 0$bWaxmann 801 1$bWaxmann 906 $aBOOK 912 $a9910413350403321 996 $aMuseum & Gender$92780382 997 $aUNINA